000 01120nam a2200241Ia 4500
001 9961
003 GE_BSU
008 181216s||||||||xx |||||||||||||| ||und||
040 _cGE_BSU
080 _a821.353.1–32
100 _aნინოშვილი,ეგ.
245 _aგოგია უიშვილი.განკარგულება.პალიასტომის ტბა
245 _bმოსე მწერალი. მოთხრობები
245 _cმხატვ.ელ.ახვლედიანირედ.გრ.შარაშიძე.მ.დუდუჩავა
260 _aტფილისი
260 _bსახელგამის საბავ.და ახალგ.სექტორი
260 _c1934
300 _a89გვ.ნახ.23სმ.
520 _aდასურათ.გარეკანი
653 _aგოგია უიშვილი.განკარგულება.პალიასტომის ტბა
653 _aმოსე მწერალი. მოთხრობები
942 _cBK
999 _c43234
_d43234